Personality in Japanese history.

שמור ב:
מידע ביבליוגרפי
פורמט: ספר
שפה:Undetermined
יצא לאור: Berkeley University of California Press 1970
נושאים:
תגים: הוספת תג
אין תגיות, היה/י הראשונ/ה לתייג את הרשומה!
Thư viện lưu trữ: Trung tâm Học liệu Trường Đại học Cần Thơ
LEADER 00605nam a2200205Ia 4500
001 CTU_115242
008 210402s9999 xx 000 0 und d
082 |a 952.0099 
082 |b P467 
245 0 |a Personality in Japanese history. 
245 0 |c Introduced and edited by Albert M. Craig and Donald H. Shively. 
260 |a Berkeley 
260 |b University of California Press 
260 |c 1970 
650 |a Statesmen,Japan 
650 |x Biography,Politics and government 
650 |y 1600-1868 
650 |z Japan 
904 |i Năm 
980 |a Trung tâm Học liệu Trường Đại học Cần Thơ